| Registos Bibliográficos associados ao registo de autoridade |
|
Etiqueta de registo: 00254nam 2200025 450 001 2246582 003 http://id.bnportugal.gov.pt/bib/catbnp/2246582 100 ## $a20260113d1670 m y0pory01030103ba 101 0# $alat 102 ## $aES 105 ## $ay z 000yy 106 ## $ar 200 1# $aDiui Hieronymi Stridonensis Epistolae aliquot selectae$ein vsum & vtilitatem adolescentium, qui latinae linguae dant operam$fnunc multò maiori diligenta & cura, quam anteà correctae, auctae, & expurgatae per...
Fr. Hieronymu[m] Gomez, de Obseruantia B. Mariae de Mercede Redemptionis Captiuorum... 210 #9 $aHispali$capud Didacum Philippum de Vrrieta,$d1670 215 ## $a[4], 384, 12 p.$d12º 307 ## $aF. de rosto calcogr. 307 ## $aAssin.: *//2, A-Q//12, R//4, S//2 321 ## $aBNE 500 10 $aEpistolae aliquot selectae 620 ## $dSevilha 700 #0 $aJerónimo,$cSanto,$fca 343-420$346779 702 #1 $aGomes,$bJerónimo,$ffl. 15--,$cO.de M.$4340$336008 702 #1 $aUrrieta,$bDiego Felipe de,$ffl. 16...$4610$31977871 801 #0 $aPT$bBN$gRPC 966 ## $lBN$mFGMON$sR. 405 P. $x0 971 ## $cpmesqui$d20260113 997 ## $aBIBEOD
Etiqueta de registo: 00254nam 2200025 450 001 2287233 003 http://id.bnportugal.gov.pt/bib/catbnp/2287233 100 ## $a20260529d1670 m y0pory01030103ba 101 0# $alat 102 ## $aES 105 ## $ay z 000yy 106 ## $ar 200 1# $aDiui Hieronymi Stridonensis Epistolae aliquot selectae, in vsum & vtilitatem adolescentium,
qui latinae linguae dant operam$fnunc multò maiori diligenta & cura, quam anteà correctae, auctae, & expurgatae per...
Fr. HieronymÅu Gomez, de Obseruantia B. Mariae de Mercede Redemptionis Captiuorum$equid de nouo accreuerit, sequens pagina indicabit 210 #9 $aHispali$capud Didacum Philippum de Vrrieta,$d1670 215 ## $a[4], 384, 12 p.$d12º (15 cm) 307 ## $aAssin.: *//2, A-Q//12, R//4, S//2 316 ## $aMau estado. - Enc. em pergaminho$5PTBN: R. 1906 P. 317 ## $aPert. manuscrito na f. de rosto: "Da livraria publica dos P.P. do 3º anno do Coll.º
da Comp.ª de Jesus de Coimbra"$5PTBN: R. 1906 P. 321 ## $aBNE 500 10 $aEpistolae aliquot selectae 518 1# $aDivi Hieronymi Stridonensis Epistolae aliquot selectae 620 ## $dSevilha 700 #0 $aJerónimo,$cSanto,$fca 343-420$346779 702 #1 $aGomes,$bJerónimo,$ffl. 15--,$cO.de M.$4340$336008 702 #1 $aUrrieta,$bDiego Felipe de,$ffl. 16...$4610$31977871 712 02 $aCompanhia de Jesus.$bColégio$c(Coimbra)$4390$3100396 801 #0 $aPT$bBN$gRPC 966 ## $lBN$mFGMON$sR. 1906 P.
|
|
|